000 00805nam a2200229 a 4500
001 000004969
003 DO-SdBNP
005 20230221122334.0
007 ta
008 090728s2001 dr a 001 0 spa d
040 _aDO-SdBNP
_bspa
_cBNPHU
082 4 _a344.729302
_bR426L, 2001
_222
110 2 _aRepública Dominicana
_9447
240 1 0 _a[Leyes, etc.]
245 1 0 _aLey No. 87-01 que crea el sistema dominicano de seguridad social :
_bpromulgada el 9 de mayo del 2001 /
_cpresentación Milton Ray Guevara.
260 _aSanto Domingo :
_bConsejo Nacional de la Seguridad Social,
_c2001.
300 _a168 p. ;
_c21 cm.
590 _aInventariado, 2018/VM
650 4 _aSeguridad social
_xLegislación
_zRepública Dominicana
_914351
910 _aValidado. Control de calidad MFF
942 _2ddc
_cLBS1
999 _c4775
_d4775